The promise of human rights: constitutional government, democratic legitimacy, and international law

Guardat en:
Dades bibliogràfiques
Autor principal: Mayerfeld, Jamie (Autor)
Format: Llibre
Idioma:anglès
Publicat: Filadelfia University of Pennsylvania Press 2016
Col·lecció:Pennsylvania Studies in Human Rights
Matèries:
Etiquetes: Afegir etiqueta
Sense etiquetes, Sigues el primer a etiquetar aquest registre!

MARC

LEADER 00000cam a2200000 a 4500
001 UCC9482
003 CL-VaPUC
008 191004e20160000us |||||||||||||||||eng|d
020 |a 9780812248166 
082 0 4 |a 341.481  |b MAY  |2 21 
100 0 |a Mayerfeld, Jamie  |e author  |9 604577 
245 1 4 |a The promise of human rights: constitutional government, democratic legitimacy, and international law 
300 |a 303 p 
942 |c BK 
945 |d 20191004 13:59:00  |a cmena 
260 |a Filadelfia  |b University of Pennsylvania Press  |c 2016 
650 0 |a Derechos humanos  |9 223025 
650 0 |a Derecho internacional  |9 255637 
650 0 |a Derecho constitucional   |9 222588 
650 0 |a Tratados internacionales   |9 256056 
583 |a last modification  |c 20191004 13:59:00  |k Rodrigo Vera 
490 0 |a Pennsylvania Studies in Human Rights 
999 |c 375662  |d 375660 
952 |0 0  |1 0  |3 erd  |4 0  |6 341_481000000000000_MAY_2016  |7 0  |8 WP_COW  |9 561479  |a BIBDER  |b BIBDER  |e Fundación W and P Cowley  |i 5605601  |o 341.481 MAY 2016  |p 5605601  |r 2023-01-25  |w 2020-03-12  |y BK  |z Catalogado en:20191004  |k WPC